| Tag |
First Indicator |
Second Indicator |
Subfields |
| LEADER |
00000cam a2200000 a 4500 |
| 001 |
in00000019882 |
| 005 |
20151007053742.0 |
| 008 |
851004c19841982enk d 00000 eng d |
| 020 |
|
|
|a 0198611323 (thumb index)
|
| 020 |
|
|
|a 0198611315
|
| 035 |
|
|
|a (OCoLC)12634074
|
| 035 |
|
|
|9 AAB2712AM
|
| 040 |
|
|
|a SFU
|c SFU
|d m/c
|d TXA
|d UtOrBLW
|
| 049 |
|
|
|a TXAF
|c [A12643170]
|
| 050 |
|
4 |
|a PE1628
|b .F6 1984
|
| 245 |
0 |
4 |
|a The Concise Oxford dictionary of current English :
|b based on the Oxford English dictionary and its supplements.
|
| 250 |
|
|
|a 7th ed. /
|b edited by J. B. Sykes.
|
| 264 |
|
1 |
|a Oxford :
|b Clarendon Press,
|c 1984
|
| 264 |
|
4 |
|c ©1982
|
| 300 |
|
|
|a xx, 1258 pages ;
|c 22 cm.
|
| 336 |
|
|
|a text
|b txt
|2 rdacontent
|
| 337 |
|
|
|a unmediated
|b n
|2 rdamedia
|
| 338 |
|
|
|a volume
|b nc
|2 rdacarrier
|
| 500 |
|
|
|a "First edited by H. W. Fowler and F. G. Fowler."
|
| 650 |
|
0 |
|a English language
|v Dictionaries.
|
| 700 |
1 |
|
|a Sykes, J. B.
|q (John Bradbury)
|
| 700 |
1 |
|
|a Fowler, H. W.
|q (Henry Watson),
|d 1858-1933.
|
| 999 |
|
|
|a MARS
|
| 999 |
f |
f |
|s 7c8a4c3a-9ff8-3fd1-8c63-ca1586a268c9
|i 0efe719e-349f-33b9-83d2-159360df3322
|t 0
|
| 952 |
f |
f |
|p noncirc
|a Texas A&M University
|b College Station
|c Sterling C. Evans Library
|d Bodrum (located in Turkey)
|t 0
|e PE1628 .F6 1984
|h Library of Congress classification
|i unmediated -- volume
|
| 952 |
f |
f |
|p ric
|a Texas A&M University
|b Rellis Campus
|c Joint Library Facility
|d Remote Storage
|t 0
|e PE1628 .F6 1984
|h Library of Congress classification
|i unmediated -- volume
|m A14812643170
|
| 998 |
f |
f |
|a PE1628 .F6 1984
|t 0
|l Bodrum (located in Turkey)
|
| 998 |
f |
f |
|a PE1628 .F6 1984
|t 0
|l Remote Storage
|